Monitoring for health hazards at work / (Record no. 10)

MARC details
000 -LEADER
fixed length control field 01042cam a22003134a 4500
001 - CONTROL NUMBER
control field 1214127
003 - CONTROL NUMBER IDENTIFIER
control field OSt
005 - DATE AND TIME OF LATEST TRANSACTION
control field 20220124145532.0
008 - FIXED-LENGTH DATA ELEMENTS--GENERAL INFORMATION
fixed length control field 990526s2000 enka b 001 0 eng
010 ## - LIBRARY OF CONGRESS CONTROL NUMBER
LC control number 99032635
020 ## - INTERNATIONAL STANDARD BOOK NUMBER
International Standard Book Number 0632050411
020 ## - INTERNATIONAL STANDARD BOOK NUMBER
International Standard Book Number 0632014458
040 ## - CATALOGING SOURCE
Original cataloging agency DLC
Transcribing agency DLC
Modifying agency PHNSL
042 ## - AUTHENTICATION CODE
Authentication code pcc
050 00 - LIBRARY OF CONGRESS CALL NUMBER
Classification number RA1229.G37
082 00 - DEWEY DECIMAL CLASSIFICATION NUMBER
Classification number 615.9/02
Edition number 21
100 1# - MAIN ENTRY--PERSONAL NAME
Personal name Ashton, Indira.
Fuller form of name Gill, Frank S.
245 10 - TITLE STATEMENT
Title Monitoring for health hazards at work /
Statement of responsibility, etc. Frank S. Gill and. Indira Ashton,
260 ## - PUBLICATION, DISTRIBUTION, ETC.
Place of publication, distribution, etc. Oxford, UK ;
Name of publisher, distributor, etc. ROSPA/Blackwell Scientific Pub.,
Date of publication, distribution, etc. 1982.
300 ## - PHYSICAL DESCRIPTION
Extent xiv, 155 p. :
Other physical details ill. ;
Dimensions 24 cm.
504 ## - BIBLIOGRAPHY, ETC. NOTE
Bibliography, etc. note Includes bibliographical references and index.
650 #0 - SUBJECT ADDED ENTRY--TOPICAL TERM
Topical term or geographic name entry element Industrial toxicology.
650 #0 - SUBJECT ADDED ENTRY--TOPICAL TERM
Topical term or geographic name entry element Environmental monitoring.
700 1# - ADDED ENTRY--PERSONAL NAME
Personal name Gill, F. S.
Fuller form of name (Frank S.)
906 ## - LOCAL DATA ELEMENT F, LDF (RLIN)
a 7
b cbc
c orignew
d 1
e ocip
f 19
g y-gencatlg
942 ## - ADDED ENTRY ELEMENTS (KOHA)
Source of classification or shelving scheme Library of Congress Classification
Koha item type Books
Holdings
Withdrawn status Lost status Source of classification or shelving scheme Damaged status Not for loan Home library Current library Shelving location Date acquired Full call number Barcode Date last seen Copy number Price effective from Koha item type Public note
    Library of Congress Classification     Public Health Nurses School Public Health Nurses School General Stacks 02/04/2021 RA1229.G37 00571 02/04/2021 c.1 02/04/2021 Books ekp 04/02/21
Copyright © 2025 PHNS Library. All Rights Reserved.